000 00271nam a2200109Ia 4500
005 20251222154314.0
008 251222s9999||||xx |||||||||||||| ||spa||
082 _a868.6/C46A
100 _a"Cela, Camilo José"
245 0 _aCafé de artistas y otros cuentos
942 _cLIB
999 _c33500
_d33500